The rise and fall of the yoruba race 3 (Record no. 36254)

MARC details
000 -LEADER
fixed length control field 00494nam a2200169Ia 4500
020 ## - INTERNATIONAL STANDARD BOOK NUMBER
ISBN 9782457027
050 ## - CALL MARK
Classification number DT 515.45.Y67 .O48/
100 ## - STATEMENT OF RESPONSIBILITY--MAIN AUTHOR NAME
Personal name Olubunmi, A. O.
245 #4 - TITLE STATEMENT
Title The rise and fall of the yoruba race 3
260 ## - PUBLICATION, DISTRIBUTION, ETC. (IMPRINT)
Name of publisher The 199 Publishing Palace
260 ## - PUBLICATION, DISTRIBUTION, ETC. (IMPRINT)
Year of publication 2012
300 ## - PHYSICAL DESCRIPTION
Number of Pages 136 p
650 ## - SUBJECT ADDED ENTRY--TOPICAL TERM
Topical Term Yoruba (African people)--Nigeria--History. Yoruba (African people)--History.
942 ## - ADDED ENTRY ELEMENTS (KOHA)
Koha item type Books
Holdings
Withdrawn status Lost status Source of classification or shelving scheme Damaged status Not for loan Permanent Location Current Location Date acquired Accession Number Price effective from Koha item type
    Library of Congress Classification     NILE UNIVERSITY OF NIGERIA - MAIN LIBRARY NILE UNIVERSITY OF NIGERIA - MAIN LIBRARY 04/23/2025 0186678 04/23/2025 Books